000 01475nam a2200277Ia 4500
999 _c35711
_d35711
001 1584
003 GE_BSU
005 20210518150209.0
008 181216s||||||||xx |||||||||||||| ||und||
020 _a9992880686
041 _ageo
080 _a621.396+621.395 ტ-44
245 _aტელეკომუნიკაციის თანამედროვე ტექნოლოგიები /
_c გ. კაკუბერი, მ. კვაჩიძე, რ. ქვრივიშვილი [და სხვ] ; რედ.ი მანანა უკლება.
264 _aთბილისი :
_bდედა ენა,
_c2000.
300 _a512 გვ. :
_bნახ., ცხრ. ;
_c21 სმ.
500 _aავტორები მითითებულები არიან თავფურცლის მე-2 გვერდზე.
504 _aბიბლიოგრ.: გვ. 507-511.
520 _aრეზ. ინგლ. ენაზე.
653 _aტელეკომუნიკაციის თანამედროვე ტექნოლოგიები.
653 _aციფრული სიგნალები
700 _aკაკუბერი, გ
_911828
700 _a კვაჩიძე, მ.
_911829
700 _aქვრივიშვილი, რ
_91124
700 _aუკლება, მანანა
_e რედაქტორი
_96609
942 _cBK
_2udc